Ahd-E-Nabawi Ka Nizam-E-Taleem (Record no. 5563)

MARC details
000 -LEADER
fixed length control field 00621nam a2200241 a 4500
020 ## - INTERNATIONAL STANDARD BOOK NUMBER
ISBN
082 00 - DEWEY DECIMAL CLASSIFICATION NUMBER
Classification number 297.7
Author Cutter HAM
100 ## - MAIN ENTRY--AUTHOR NAME
Author name Hameedullah, Muhammad
245 ## - TITLE STATEMENT
Title Ahd-E-Nabawi Ka Nizam-E-Taleem
260 ## - PUBLICATION, DISTRIBUTION, ETC. (IMPRINT)
Place of publication Hyderabad
Name of publisher Alhuda Book Agency
Year of publication 1969
300 ## - PHYSICAL DESCRIPTION
Number of Pages 50p
500 ## - GENERAL NOTE
General note includes index and biblioraphy
505 2# - FORMATTED CONTENTS NOTE
Formatted contents note cisrs social research series no.11
650 ## - SUBJECT ADDED ENTRY--TOPICAL TERM
Topical Term Islamic-Education
942 ## - ADDED ENTRY ELEMENTS (KOHA)
Koha item type Books
700 1# -
-- Hameedullah, Muhammad
Holdings
Collection code Home library Current library Date acquired Cost, normal purchase price Full call number Accession Number Koha item type
  Henry Martyn Institute Library Henry Martyn Institute Library 07/12/2007 100.00 297.7 HAM 06994 Books
                   Copyright © 2026 | Henry Martyn Institute | Hyderabad | TS-500052 | INDIA | Implemented by hmi.edu.in
Hit-Count:

Powered by Koha